<?xml version="1.0" encoding="UTF-8"?>
<collection xmlns="http://www.loc.gov/MARC21/slim">
 <record>
  <leader>00649nam a2200181 a 4500</leader>
  <controlfield tag="001">1/31558</controlfield>
  <controlfield tag="008">061116s2005    enk    g d    000 0 mul  </controlfield>
  <datafield tag="020" ind1=" " ind2=" ">
   <subfield code="a">0007128800</subfield>
  </datafield>
  <datafield tag="035" ind1=" " ind2=" ">
   <subfield code="l">33879</subfield>
  </datafield>
  <datafield tag="040" ind1=" " ind2=" ">
   <subfield code="a">GR-PeUP</subfield>
  </datafield>
  <datafield tag="082" ind1="0" ind2="0">
   <subfield code="a">R 483.21 COL</subfield>
  </datafield>
  <datafield tag="245" ind1="0" ind2="0">
   <subfield code="a">Collins English-Greek dictionary =</subfield>
   <subfield code="b">Αγγλοελληνικό Λεξικό</subfield>
  </datafield>
  <datafield tag="246" ind1="3" ind2="0">
   <subfield code="a">English-Greek dictionary</subfield>
  </datafield>
  <datafield tag="260" ind1=" " ind2=" ">
   <subfield code="a">Glasgow :</subfield>
   <subfield code="b">HarperCollins Publishers,</subfield>
   <subfield code="c">2005</subfield>
  </datafield>
  <datafield tag="300" ind1=" " ind2=" ">
   <subfield code="a">xiv, 946 σ. ;</subfield>
   <subfield code="c">20 εκ.</subfield>
  </datafield>
  <datafield tag="650" ind1=" " ind2="4">
   <subfield code="a">English language</subfield>
   <subfield code="v">Dictionaries</subfield>
   <subfield code="x">Greek, Modern.</subfield>
  </datafield>
  <datafield tag="852" ind1=" " ind2=" ">
   <subfield code="a">INST</subfield>
   <subfield code="b">UNIPILB</subfield>
   <subfield code="c">MAIN</subfield>
   <subfield code="e">20061116</subfield>
   <subfield code="h">R 483.21 COL</subfield>
   <subfield code="p">00151380</subfield>
   <subfield code="q">00151380</subfield>
   <subfield code="t">LOAN</subfield>
   <subfield code="y">0</subfield>
   <subfield code="4">1</subfield>
  </datafield>
  <datafield tag="856" ind1="4" ind2=" ">
   <subfield code="d">/webopac/covers/02/33879_0007128800.jpg</subfield>
  </datafield>
 </record>
</collection>
